书目信息 |
| 题名: |
图书馆业务自学大全
|
|
| 作者: | 梁德林 , 孟广均 , 辛希孟 编著 | |
| 分册: | 1 图书馆学引论 | |
| 出版信息: | 长春 吉林省图书馆学会 1986 |
|
| 页数: | 117页 | |
| 开本: | 19cm | |
| 丛书名: | 吉林省图书馆学会丛书 | |
| 单 册: | ||
| 中图分类: | G251.5 | |
| 科图分类: | ||
| 主题词: | 图书馆事业 , 图书馆学 | |
| 电子资源: | ||
| ISBN: | ||
| 000 | 00830nam0 2200253 450 | |
| 001 | 0630818422 | |
| 005 | 20060802164317.42 | |
| 100 | @a20060720d1986 km y0chiy0120 ea | |
| 101 | 0 | @achi |
| 102 | @aCN@b220000 | |
| 200 | 1 | @a图书馆业务自学大全@h1@i图书馆学引论@Atu shu guan ye wu zi xue da quan@f梁德林,孟广均,辛希孟等编著@Fliang de lin,meng guang jun,xin xi meng deng bian zhu |
| 210 | @a长春@c吉林省图书馆学会@d1986 | |
| 215 | @a117页@d19cm | |
| 225 | 2 | @a吉林省图书馆学会丛书@h十三 |
| 410 | 0 | @12001 @a吉林省图书馆学会丛书 |
| 517 | 1 | @a图书馆学引论@Atu shu guan xue yin lun |
| 606 | 0 | @a图书馆事业 |
| 606 | 0 | @a图书馆学 |
| 690 | @aG251.5 | |
| 701 | 0 | @a梁德林@Aliang de lin@4编著 |
| 701 | 0 | @a孟广均@Ameng guang jun@4编著 |
| 701 | 0 | @a辛希孟@Axin xi meng@4编著 |
| 801 | 0 | @aCN@bPFT@c20060802 |
| 905 | @dG251.5@e11:1 | |
| 图书馆业务自学大全.1.图书馆学引论/梁德林,孟广均,辛希孟等编著.-长春:吉林省图书馆学会,1986 |
| 117页;19cm.-(吉林省图书馆学会丛书.十三) |
| ISBN : |
| ● |
| 相关链接 |
|
|
|
|
正题名:图书馆业务自学大全
索取号:G251.5/11:1
 
预约/预借
| 序号 | 登录号 | 条形码 | 馆藏地/架位号 | 状态 | 备注 |
| 1 | 0441966 | 204419664 | 密集书库/ [索取号:G251.5/11:1] | 在馆 | |
| 2 | 0441967 | 204419673 | 密集书库/ [索取号:G251.5/11:1] | 在馆 | |
| 3 | 0441968 | 204419682 | 密集书库/ [索取号:G251.5/11:1] | 在馆 | |
| 4 | 0441969 | 204419691 | 密集书库/ [索取号:G251.5/11:1] | 在馆 |